| 000 | 00982nam a2200229 4500 | ||
|---|---|---|---|
| 001 | 108329 | ||
| 003 | ES-MaACL | ||
| 005 | 20250401175056.0 | ||
| 007 | t| | ||
| 008 | 061121s1951 it r ||||1| ita d | ||
| 100 | 1 |
_aMonacciani, Luigi. _982096 |
|
| 245 | 1 | 0 |
_aAzione e legittimazione / _cLuigi Monacciani. |
| 260 |
_aMilano : _bDott. A. Giuffré, _c1951. |
||
| 300 |
_aIX, 405 p. ; _c25 cm. |
||
| 500 | _aEs publicación dell'Instituto di Scienze Giuridiche, Economiche, Politiche e Sociali della Universitá di Messina. | ||
| 510 |
_aICCU, _c0155927 |
||
| 650 | 7 |
_9146051 _aActos jurídicos |
|
| 852 |
_aES-MaACL _jD-6401 _bR.31839 _bR.M.5996 _9112433 _cSVI _fSello en tinta azul de la Biblioteca del Ateneo de Madrid _gAnotación manuscrita en cubierta: "23" _zEn cubierta: "22.MAR.1952" |
||
| 942 |
_2udc _cMONOGRAFIA |
||
| 999 |
_c108329 _d108329 |
||